000 00587cam a22002411 4500
001 sa 65008963
003 DLC
005 20260227112159.0
008 890514q xx 000 0 ara
010 _asa 65008963
035 _a(OCoLC)23498015
040 _aDLC
_cMiU
_dDLC
042 _apremarc
050 0 0 _aBP104.8
_b.A4
130 0 _aQurʼan.
_lUrdu.
245 1 0 _aTarjamat al-Qurʼān.
260 _c[19 ]
300 _av.
_c29 cm.
500 _aRomanized.
630 0 0 _aQurʼan
_xCommentaries.
700 0 _aAhmad Said,
_d1887-1959
_etr.
740 0 _aKashf al-Raḥmān.
999 _c65975
_d65975